Entrenamiento muscular con la cinta elástica thera-band (Registro nro. 167632)

Detalles MARC
000 -ENCABEZADO
Número de control [NR] 00834 a2200229 4500
008 - DE LONGITUD FIJA DE DATOS DE ELEMENTOS - INFORMACIÓN GENERAL
Elementos de longitud fija [NR] 130718s2009 sp ad fr 000 0 spa
020 ## - NUMERO INTERNACIONAL NORMALIZADO PARA LIBROS [R]
Número Internacional Normalizado del libro [NR] 9788480198936
040 ## - FUENTE DE CATALOGACION [NR]
Agencia de catalogación original [NR] CO-BoUCM
Idioma de catalogación [NR] spa
Quien Cataloga
Quien Clasifica Aldemar Mondragón
041 00 - CODIGO DE IDIOMA [R]
Código de idioma para texto/pista de sonido o título separado [R] Español
060 ## - SIGNATURA TOPOGRAFICA DE LA BIBLIOTECA NACIONAL DE MEDICINA (NLM) [R]
Número clasificador [R] QT 255
100 1# - ASIENTO PRINCIPAL--NOMBRE PERSONAL [NR]
Nombre personal [NR] Geiger, Urs
ID Autoridad 41085
245 10 - MENCION DE TITULO [NR]
Título [NR] Entrenamiento muscular con la cinta elástica thera-band
Mención de responsabilidad, etc. [NR] Urs Geiger, Caius Schmid ; traducción de Ute Fishbach
260 ## - PUBLICACION, DISTRIBUCION, ETC. (PIE DE IMPRENTA) [R]
Fecha de publicación, distribución, etc. [R] 2009
Nombre del editor, distribuidor, etc. [R] Paidotribo
Lugar de publicación, distribución, etc. [R] Badalona, España
300 ## - DESCRIPCION FISICA [R]
Extensión [R] iv, 91 páginas
Otros detalles físicos [NR] ilustraciones y cuadros
650 #7 - ASIENTO SECUNDARIO DE MATERIA - TERMINO TEMATICO [R]
Término temático o nombre geográfico como elemento de entrada [NR] Educación física
9 (RLIN) 13825
650 #7 - ASIENTO SECUNDARIO DE MATERIA - TERMINO TEMATICO [R]
Término temático o nombre geográfico como elemento de entrada [NR] Estado físico
9 (RLIN) 15022
690 ## - ASUNTO AGREGADO LOCAL DE ENTRADA - TÉRMINO TEMÁTICO (OCLC, RLIN)
Acceso temático local Medicina deportiva
700 1# - ASIENTO SECUNDARIO - NOMBRE PERSONAL [R]
Nombre personal [NR] Fishbach, Ute
Término de relación [R] traductor
9 (RLIN) 41513
700 1# - ASIENTO SECUNDARIO - NOMBRE PERSONAL [R]
Nombre personal [NR] Schmid, Caius
9 (RLIN) 41512
765 ## - ASIENTO DE IDIOMA ORIGINAL [R]
Título [NR] Muskeltraining mit dem thera-band
942 ## - ELEMENTOS DE ENTRADA AGREGADOS (KOHA)
Tipo de ítem principal el descrito en 300a Libro
Tema principal Medicina
Edición 1
Parte restante de la signatura top. G312e
Sistema de clasificación NLM
Clasificación QT 255
Título oculto en OPAC No
Existencias
Fecha de último préstamo Total préstamos Total Renewals Signatura topográfica Código de barras Última vez visto Ejemplar Costo de reposición Price effective from Tipo de ítem Perdido Sistema de clasificación Dañado No prestable Tipo de ítem específico Suprimido Ubicación habitual Ubicación actual Localización Fecha de creación Proveedor Forma de adquisición Costo
15/09/2021 30 28 QT 255 G312e 200024678 11/12/2025 Ej.1 51800.00 02/07/2013 Libro   NLM     Libro   Quinta de Mutis Quinta de Mutis 1er piso 02/07/2013 15 Compra 51800.00
13/05/2019 16 16 QT 255 G312e 200024802 11/12/2025 Ej.2 51800.00 12/07/2013 Libro   NLM     Libro   Quinta de Mutis Quinta de Mutis 1er piso 12/07/2013 15 Compra 38400.00